Pokédex : Deuxième génération (Johto) - Statistiques

Statistiques générales
  • Ce quiz a été pris 75 fois
  • Le résultat moyen est 63 sur 100
Statistiques - réponses
Numéro Pokémon % Correct
0155 Héricendre
98%
0158 Kaiminus
96%
0160 Aligatueur
94%
0156 Feurisson
94%
0154 Méganium
94%
0157 Typhlosion
94%
0250 Ho-Oh
93%
0249 Lugia
93%
0153 Macronium
93%
0244 Entei
91%
0152 Germignon
91%
0245 Suicune
91%
0251 Celebi
89%
0159 Crocrodil
89%
0243 Raikou
89%
0196 Mentali
85%
0197 Noctali
85%
0246 Embrylex
81%
0161 Fouinette
81%
0248 Tyranocif
81%
0162 Fouinar
80%
0163 Hoothoot
78%
0208 Steelix
78%
0212 Cizayox
76%
0240 Magby
76%
0164 Noarfang
76%
0247 Ymphect
76%
0229 Démolosse
74%
0228 Malosse
74%
0181 Pharamp
74%
0179 Wattouat
74%
0241 Ecrémeuh
72%
0239 Elekid
72%
0180 Lainergie
72%
0230 Hyporoi
69%
0167 Mimigal
67%
0168 Migalos
65%
0169 Nostenfer
65%
0201 Zarbi
65%
0189 Cotovol
63%
0173 Mélo
63%
0214 Scarhino
63%
0175 Togepi
63%
0176 Togetic
63%
0174 Toudoudou
63%
0194 Axoloto
61%
0198 Cornèbre
61%
0165 Coxy
61%
0166 Coxyclaque
61%
0237 Kapoera
61%
0238 Lippouti
61%
0177 Natu
61%
0172 Pichu
61%
0178 Xatu
61%
0236 Debugant
59%
0232 Donphan
59%
0200 Feuforève
59%
0188 Floravol
59%
0187 Granivol
59%
0195 Maraiste
59%
0231 Phanpy
59%
0227 Airmure
57%
0185 Simularbre
57%
0182 Joliflor
56%
0220 Marcacrin
56%
0221 Cochignon
54%
0215 Farfuret
54%
0205 Foretress
54%
0204 Pomdepik
54%
0242 Leuphorie
52%
0223 Rémoraid
52%
0199 Roigada
52%
0217 Ursaring
52%
0184 Azumarill
50%
0226 Démanta
50%
0192 Héliatronc
50%
0218 Limagma
50%
0183 Marill
50%
0224 Octillery
50%
0186 Tarpaud
50%
0216 Teddiursa
50%
0202 Qulbutoké
48%
0171 Lanturn
46%
0170 Loupio
46%
0233 Porygon2
46%
0191 Tournegrin
46%
0219 Volcaropod
46%
0207 Scorplane
44%
0234 Cerfrousse
43%
0206 Insolourdo
41%
0225 Cadoizo
39%
0190 Capumain
39%
0222 Corayon
39%
0213 Caratroc
37%
0203 Girafarig
37%
0235 Queulorior
35%
0209 Snubbull
35%
0210 Granbull
33%
0193 Yanma
33%
0211 Qwilfish
30%
Aucun quiz correspondant
Distribution des résultats
% des personnes avec chaque résultat
Percentile par nombre de réponses
Votre historique - résultats
Vous n’avez pas pris ce quiz